000 00508nam a2200193 a 4500
008 951030s1971||||[C 0 slo c
020 _a807103102X
_c29
040 _aSNK
_bslo
_cSNK
_eAACR2
041 1 _aslo
_hslo
080 _a912(437):656.13
080 _a656.13
245 1 0 _aAutoatlas ČSFR
_b1:400000
250 _a1., vyd.
260 _aBratislava
_bSlovenská kartografia
_c1971
_eBratislava
_fSlovenská kartografia
300 _a181 s.
_c25 cm
500 _aReg.
044 _axo
_cSK
958 _aA
999 _c19674
_d19674